<?xml version="1.0" encoding="UTF-8"?>
<record
    xmlns:xsi="http://www.w3.org/2001/XMLSchema-instance"
    xsi:schemaLocation="http://www.loc.gov/MARC21/slim http://www.loc.gov/standards/marcxml/schema/MARC21slim.xsd"
    xmlns="http://www.loc.gov/MARC21/slim">

  <leader>01095nam a22001697a 4500</leader>
  <controlfield tag="003">0</controlfield>
  <controlfield tag="005">20260430120447.0</controlfield>
  <datafield tag="020" ind1=" " ind2=" ">
    <subfield code="a">9789360868154</subfield>
  </datafield>
  <datafield tag="082" ind1=" " ind2=" ">
    <subfield code="a">H 339.460954 MEH </subfield>
  </datafield>
  <datafield tag="100" ind1=" " ind2=" ">
    <subfield code="a">Mehrotra, Santosh </subfield>
    <subfield code="9">19019</subfield>
  </datafield>
  <datafield tag="245" ind1=" " ind2=" ">
    <subfield code="a">Bharat mein garibi </subfield>
  </datafield>
  <datafield tag="260" ind1=" " ind2=" ">
    <subfield code="a">New Delhi </subfield>
    <subfield code="b">Rajkamal Prakashan </subfield>
    <subfield code="c">2026</subfield>
  </datafield>
  <datafield tag="300" ind1=" " ind2=" ">
    <subfield code="a">230p. </subfield>
  </datafield>
  <datafield tag="520" ind1=" " ind2=" ">
    <subfield code="a">
&#x92D;&#x93E;&#x930;&#x924; &#x92E;&#x947;&#x902; &#x92C;&#x91A;&#x94D;&#x91A;&#x94B;&#x902; &#x914;&#x930; &#x935;&#x92F;&#x938;&#x94D;&#x915;&#x94B;&#x902; &#x92E;&#x947;&#x902; &#x915;&#x941;&#x92A;&#x94B;&#x937;&#x923; &#x915;&#x93E; &#x938;&#x94D;&#x924;&#x930; &#x926;&#x941;&#x928;&#x93F;&#x92F;&#x93E; &#x92E;&#x947;&#x902; &#x938;&#x92C;&#x938;&#x947; &#x90A;&#x901;&#x91A;&#x947; &#x938;&#x94D;&#x924;&#x930;&#x94B;&#x902; &#x92A;&#x930; &#x939;&#x948;, &#x92B;&#x93F;&#x930; &#x92D;&#x940; &#x910;&#x924;&#x93F;&#x939;&#x93E;&#x938;&#x93F;&#x915; &#x930;&#x942;&#x92A; &#x938;&#x947; &#x907;&#x938; &#x92A;&#x930; &#x909;&#x938; &#x924;&#x930;&#x939; &#x915;&#x93E; &#x928;&#x940;&#x924;&#x93F;&#x917;&#x924; &#x927;&#x94D;&#x92F;&#x93E;&#x928; &#x928;&#x939;&#x940;&#x902; &#x926;&#x93F;&#x92F;&#x93E; &#x917;&#x92F;&#x93E;, &#x91C;&#x948;&#x938;&#x93E; &#x926;&#x93F;&#x92F;&#x93E; &#x91C;&#x93E;&#x928;&#x93E; &#x91A;&#x93E;&#x939;&#x93F;&#x90F;&#x964; &#x910;&#x938;&#x947; &#x924;&#x92E;&#x93E;&#x92E; &#x915;&#x93E;&#x930;&#x923;&#x94B;&#x902; &#x92A;&#x930; &#x935;&#x93F;&#x938;&#x94D;&#x924;&#x93E;&#x930; &#x938;&#x947; &#x92C;&#x93E;&#x924; &#x915;&#x930;&#x924;&#x947; &#x939;&#x941;&#x90F; &#x907;&#x938; &#x92A;&#x941;&#x938;&#x94D;&#x924;&#x915; &#x92E;&#x947;&#x902; &#x907;&#x928;&#x915;&#x947; &#x928;&#x93F;&#x935;&#x93E;&#x930;&#x923; &#x92A;&#x930; &#x92D;&#x940; &#x917;&#x939;&#x930;&#x93E;&#x908; &#x938;&#x947; &#x935;&#x93F;&#x91A;&#x93E;&#x930; &#x915;&#x93F;&#x92F;&#x93E; &#x917;&#x92F;&#x93E; &#x939;&#x948;&#x964;</subfield>
  </datafield>
  <datafield tag="650" ind1=" " ind2=" ">
    <subfield code="a">Social Science </subfield>
    <subfield code="9">19020</subfield>
  </datafield>
  <datafield tag="942" ind1=" " ind2=" ">
    <subfield code="c">B</subfield>
  </datafield>
  <datafield tag="952" ind1=" " ind2=" ">
    <subfield code="0">0</subfield>
    <subfield code="1">0</subfield>
    <subfield code="4">0</subfield>
    <subfield code="7">0</subfield>
    <subfield code="a">LBSNAA</subfield>
    <subfield code="b">LBSNAA</subfield>
    <subfield code="d">2026-04-30</subfield>
    <subfield code="g">350.00</subfield>
    <subfield code="l">0</subfield>
    <subfield code="o">H 339.460954 MEH </subfield>
    <subfield code="p">181868</subfield>
    <subfield code="r">2026-04-30</subfield>
    <subfield code="w">2026-04-30</subfield>
    <subfield code="y">B</subfield>
    <subfield code="0"></subfield>
    <subfield code="x"></subfield>
    <subfield code="2"></subfield>
  </datafield>
  <datafield tag="999" ind1=" " ind2=" ">
    <subfield code="c">360822</subfield>
    <subfield code="d">360822</subfield>
  </datafield>
</record>
